000 00712nam a2200217Ia 4500
001 1615
003 GE_BSU
008 181216s||||||||xx |||||||||||||| ||und||
040 _cGE_BSU
080 _a669.841(076)
100 _aკობიძე,გ.
245 _aნაგებობათა სეისმური გაანგარიშების მაგალითები.
245 _bდამხმ. სახელმძღვ.
260 _aთბ.
260 _bტექნიკ. უნ–ტი.
260 _c1998.
300 _a71გვ;20 სმ.
541 _h3 ლ.
653 _aნაგებობათა სეისმომედეგობა.
942 _cBK
999 _c35737
_d35737